Amateur Football Teams of Utrecht - Statistics

General Stats
  • This quiz has been taken 3 times
  • The average score is 6 of 83
Answer Stats
Club % Correct
USV Hercules
100%
DESTO
50%
IJFC
50%
SV Baarn
50%
SV Kampong
50%
SV Nieuw Utrecht
50%
USV Elinkwijk
50%
VV Brederodes
50%
VV De Meern
50%
VV Jonathan
50%
ASC Nieuwland
0%
CJVV
0%
CSW
0%
DEV
0%
DHSC
0%
DOB
0%
Domstad Majella
0%
DOSC
0%
DSO/Ultrajectum
0%
DVSA
0%
DVSU
0%
DWSM
0%
DWSV
0%
Eminent Boys
0%
Faja Lobi KDS
0%
FC Abcoude
0%
FC Breukelen
0%
FC De Bilt
0%
FC Delta Sports'95
0%
FC Driebergen
0%
GVVV
0%
HSV '69
0%
HVC
0%
IJsselmeervogels
0%
JSV Nieuwegein
0%
KVVA
0%
Magreb '90
0%
MSV '19
0%
Odysseus '91
0%
OSM '75
0%
OSV NITA
0%
SC Everstein
0%
SV Achterveld
0%
SV Argon
0%
SV Aurora
0%
SV Austerlitz
0%
SV Candia '66
0%
SV CDW
0%
SV Eemnes
0%
SV Geinoord
0%
SV Hertha
0%
SV HMS
0%
SV Houten
0%
SV Lopik
0%
SV Odijk
0%
UCS EDO
0%
VV Amsvorde
0%
VV APWC
0%
VV Benschop
0%
VV Bunnik '73
0%
VV Cabauw
0%
VV Cobu Boys
0%
VV De Dreef
0%
VV De Merino's
0%
VV DOVO
0%
VV Eemboys
0%
VV Eemdijk
0%
VV FZO
0%
VV HDS
0%
VV Hees
0%
VV Hoogland
0%
VV Hooglanderveen
0%
VV Hoograven
0%
VV Kamerik
0%
VV Kismet
0%
VV Kockengen
0%
VV Linschoten
0%
VV Maarssen
0%
VV Musketiers
0%
VV Odin
0%
VV Oranje Wit (Elst)
0%
VV 't Goy
0%
VVU Ardahanspor
0%
No matching quizzes found
Score Distribution
Percent of People with Each Score
Percentile by Number Answered
Your Score History
You have not taken this quiz